Atentát : hra v šiestich obrazoch /
Uložené v:
| Hlavný autor: | |
|---|---|
| Médium: | Kniha |
| Jazyk: | Slovak |
| Vydané: |
Bratislava :
Diliza,
1968.
|
| Vydanie: | 1. vyd. |
| ISBN: |
(brož.) |
| Fyzický popis: |
94 s. |
| Tagy: |
Pridať tag
Žiadne tagy, Buďte prvý kto otaguje tento záznam!
|
Titul je dostupný aj v ... 

MARC
| LEADER | 00000nam a2200000 a 4500 | ||
|---|---|---|---|
| 001 | 000191237 | ||
| 005 | 20101105175518.0 | ||
| 008 | 010606s1968 xo e slo d | ||
| 020 | |a (brož.) |c Kčs 18,00 | ||
| 040 | |a SVKKK |b slo |c SVKKK |e AACR2 | ||
| 041 | 0 | |a slo | |
| 044 | |a xo |c SK | ||
| 100 | 1 | |a Lahola, Leopold, |d 1918-1968 |4 aut | |
| 245 | 1 | 0 | |a Atentát : |b hra v šiestich obrazoch / |c Leopold Lahola. |
| 250 | |a 1. vyd. | ||
| 260 | |a Bratislava : |b Diliza, |c 1968. | ||
| 300 | |a 94 s. | ||
| 910 | |a svkkk | ||
| 998 | |a BK | ||
| 090 | |g SCKHL |k Sklad Pribinova 3. posch. |a V.69777 |j 408854 |i 191237-10 |4 Nevymožiteľná |s Vyradená | ||